The co-wife and other stories / (Record no. 203)
[ view plain ]
| 000 -LEADER | |
|---|---|
| fixed length control field | 00670cam a2200217 4500 |
| 001 - CONTROL NUMBER | |
| control field | 224 |
| 005 - DATE AND TIME OF LATEST TRANSACTION | |
| control field | 20181127160918.0 |
| 008 - FIXED-LENGTH DATA ELEMENTS--GENERAL INFORMATION | |
| fixed length control field | 080223s2008 ii 000 1 eng |
| 010 ## - LIBRARY OF CONGRESS CONTROL NUMBER | |
| LC control number | 2008305647 |
| 020 ## - INTERNATIONAL STANDARD BOOK NUMBER | |
| International Standard Book Number | 0143101722 |
| International Standard Book Number | 9780143101727 |
| 041 1# - LANGUAGE CODE | |
| Language code of text/sound track or separate title | eng |
| Language code of original | hin |
| 100 0# - MAIN ENTRY--PERSONAL NAME | |
| Personal name | Premacanda, |
| Dates associated with a name | 1881-1936. |
| 245 14 - TITLE STATEMENT | |
| Title | The co-wife and other stories / |
| Statement of responsibility, etc. | Prem Chand ; edited and translated with an introduction by Ruth Vanita. |
| 260 ## - PUBLICATION, DISTRIBUTION, ETC. | |
| Place of publication, distribution, etc. | New Delhi : |
| Name of publisher, distributor, etc. | Penguin Books, |
| Date of publication, distribution, etc. | 2008. |
| 300 ## - PHYSICAL DESCRIPTION | |
| Extent | xxvii, 275 p. ; |
| Dimensions | 21 cm. |
| 490 0# - SERIES STATEMENT | |
| Series statement | Modern classics |
| 500 ## - GENERAL NOTE | |
| General note | Short stories. |
| 600 00 - SUBJECT ADDED ENTRY--PERSONAL NAME | |
| Personal name | Premacanda, |
| Dates associated with a name | 1881-1936 |
| General subdivision | Translations into English. |
| 700 1# - ADDED ENTRY--PERSONAL NAME | |
| Personal name | Vanita, Ruth. |
| Withdrawn status | Lost status | Source of classification or shelving scheme | Damaged status | Not for loan | Collection code | Home library | Current library | Shelving location | Date acquired | Serial Enumeration / chronology | Inventory number | Total Checkouts | Full call number | Barcode | Date last seen | Date last checked out | Copy number | Price effective from | Koha item type |
|---|---|---|---|---|---|---|---|---|---|---|---|---|---|---|---|---|---|---|---|
| Dewey Decimal Classification | Fiction | RTC Library | RTC Library | Fiction | 01/03/2021 | 3098 | 3 | FIC 813.54 PRE | 30000337 | 19/09/2023 | 06/09/2023 | 1 | 27/11/2018 | Fiction | |||||
| Dewey Decimal Classification | Fiction | RTC Library | RTC Library | Fiction | 07/04/2022 | 5659 | 1 | FIC 813.54 PRE | 30000929 | 20/09/2022 | 08/09/2022 | 2 | 27/11/2018 | Fiction |